Tajemství úspěchu managera Předvídání úspěchu vedoucích pracovníků. (Co musíte udělat pro úspěch pracovníků vrcholného managementu)

Na minha lista:
Detalhes bibliográficos
Autor principal: Sorcher, Melvin
Outros Autores: Bursíková, Dana (Translator)
Formato: Livro
Idioma:tcheco
Publicado em: [Praha] Victoria Publishing 1992
Acesso em linha:View in OPAC
Tags: Adicionar Tag
Sem tags, seja o primeiro a adicionar uma tag!

MARC

LEADER 00000nam a2200000 a 4500
005 20260127134259.0
008 131003s1992 CS 0 cze c
020 |a 8085605104 
035 |a vtls001136084 
035 |a SNK000078937 
039 9 |a 201310031126  |b VLOAD  |c 201306201828  |d VLOAD  |c 200812010922  |d mschk03  |y 200607182216  |z msnk01 
040 |a SNK  |b slo  |c SNK  |d STUSCHK1  |e AACR2 
041 0 |a cze 
044 |a [CS] 
080 |a 65.012.4  |2 1981 
100 1 |a Sorcher, Melvin 
245 1 0 |a Tajemství úspěchu managera  |b Předvídání úspěchu vedoucích pracovníků. (Co musíte udělat pro úspěch pracovníků vrcholného managementu)  |c Melvin Sorcher ; přel. Dana Bursíková 
260 |a [Praha]  |b Victoria Publishing  |c 1992 
300 |a 305, [2] s.  |c 24 cm 
700 1 |a Bursíková, Dana  |4 trl 
910 |a snk 
910 |a SCHK95 
919 |a 80-85605-10-4 
954 |a manažment  |a manažeri  |x príručky 
968 |d Z amer. orig.  |e ... 
999 |c 8670  |d 8670